00326nam a22001217a 4500020001800000040000900018082001700027100002000044245005200064250001600116260003600132650003600168 a9780470226537 cNUST a658.4013 MIT aMitra, Amitava  aFundamentals of Quality Control and Improvement a3rd Edition aNew Jersey;bJohn Wiley,c2008. aQuality Control and Improvement